01452nam a2200181 i 4500001000700000003000900007005001700016008004100033080001200074110005000086245010100136260006200237300002000299505076800319852004601087999001901133952011801152170741ES-MaACL20230906214440.0090402s18791884sp |||| | spa d a94(460)2 aReal Academia de la Historia (España)9630910aDiscursos leídos ante la Academia de la Historia, f1879-1884 /cReal Academia de la Historia. aMadrid : b[s.n.], c1879 (fImp. de los Señores Rojas) a1 v. ; c27 cm.8 aContiene: Dominación arábiga en la frontera superior desde el año 711 al 813 / Francisco Codera y Zaidín (77 p.). Contestación / Vicente Lafuente (p. 78-95). Discurso dedicado a la buena memoria de D. José Amador de los Ríos / Juan de Dios de la Rada y delgado (28 p.). Elogio de Don Mariano Álvarez de Castro / José Gómez de Arteche y Moro (154 p. + 1 map. pleg.). Mateo de Laya / Cesáreo Fernández Duro (62 p.). Contestación / F. Javier de Salas (p. 63-98). Estética de la historia / Marcelino Menéndez y Pelayo (40p.). Contestación / Aureliano Fernández Guerra (p. 41-59). La nación y la realeza en los estados de la Corona de Aragón / Bienvenido Oliver y Esteller (125 p.). Contestación / Pedro de Madrazo (p. 126-156). aES-MaACLjK-122 z- Enc. pasta española c170741d170741 001040708LIBXIXaATENEOMbATENEOMcADMd2009-04-02l0oK-122p1179188r2023-02-23 00:00:00w2023-02-23yMONANT